| 000 | 00652nam a22001937a 4500 | ||
|---|---|---|---|
| 999 |
_c186500 _d186500 |
||
| 005 | 20220307162246.0 | ||
| 010 | _aENG-1318561 | ||
| 020 |
_a9789350015889 _c191.00 |
||
| 035 | _aEN-115393 | ||
| 037 | _bDBAD/PUB | ||
| 082 |
_a530.02462 _b1 |
||
| 100 | _aADHIKESAVAN, M. | ||
| 245 |
_aEngineering Physics: _b"M Scheme"- Polytechnic Colleges/ _cM.ADHIKESAVAN,K.SUDALAI MUTHU |
||
| 260 |
_bVel Publications _aVillupuram _c2018 |
||
| 270 |
_a64,1st Floor ,Mari illam , Kachirayapalayam Road _bVilluparam _e606202 |
||
| 300 |
_a71p. _c23cm(pbk) _bModel Question Papers |
||
| 700 | _aMUTHU K.SUDALAI | ||
| 942 |
_2ddc _cEN _h530.02462 _mADH |
||